The history of imbanking and draining of divers fens and marshes, both in foreign parts and in this kingdom, and of the improvements thereby (Record no. 113806)

MARC details
000 -LEADER
fixed length control field 01245cam a22001935a 4500
001 - CONTROL NUMBER
control field L155767
008 - FIXED-LENGTH DATA ELEMENTS--GENERAL INFORMATION
fixed length control field 120416s1772 xxk f 000 0 eng d
035 ## - SYSTEM CONTROL NUMBER
System control number (Sirsi) u155767
041 0# - LANGUAGE CODE
Language code of text/sound track or separate title eng
100 1# - MAIN ENTRY--PERSONAL NAME
Personal name Dugdale, William
Titles and words associated with a name Sir
Dates associated with a name 1605-1686
245 04 - TITLE STATEMENT
Title The history of imbanking and draining of divers fens and marshes, both in foreign parts and in this kingdom, and of the improvements thereby
Remainder of title Extracted from records, manuscripts, and other authentic testimonies. By William Dugdale, Esq; Norroy King of Arms. Afterwards Sir William Dugdale, knt. Garter Principal King at Arms. The second edition, revised and corrected, by Charles Nalson Cole, Esq; of the Inner-Temple, barrister at law, and register to the Honourable Corporation of Bedford Level
260 ## - PUBLICATION, DISTRIBUTION, ETC.
Place of publication, distribution, etc. London
Name of publisher, distributor, etc. Printed by W. Bowyer and J. Nichols, at the expence of Richard Geast, Esq; and sold by W. Owen, in Fleet-street; and P. Uriel, in Inner Temple-Lane
Date of publication, distribution, etc. MDCCLXXII. [1772]
300 ## - PHYSICAL DESCRIPTION
Extent xii, 469, [1] p., plates
Other physical details maps
Dimensions 2o
520 ## - SUMMARY, ETC.
Summary, etc. First published in 1662 as 'The history of imbanking and drayning of divers fenns and marshes'.
583 0# - ACTION NOTE
Action Condition reviewed
Time/date of action 20120620
Status condition level 1
651 #4 - SUBJECT ADDED ENTRY--GEOGRAPHIC NAME
Geographic name Great Britain
Chronological subdivision 1707-
690 ## - LOCAL SUBJECT ADDED ENTRY--TOPICAL TERM (OCLC, RLIN)
Topical term or geographic name as entry element Rural
9 (RLIN) 6268
942 ## - ADDED ENTRY ELEMENTS (KOHA)
Suppress in OPAC 0
Holdings
Withdrawn status Lost status Source of classification or shelving scheme Damaged status Not for loan Home library Current library Shelving location Date acquired Total Checkouts Full call number Barcode Date last seen Copy number Price effective from Koha item type
    Dewey Decimal Classification     Historic collection Historic collection Historic collection 16/04/2012   FOLIO 1772 DUGDALE 30075536 06/08/2019 1 06/08/2019 Book